| 000 | 00767nam a2200241Ia 4500 | ||
|---|---|---|---|
| 003 | OSt | ||
| 005 | 20220923224333.0 | ||
| 006 | a|||||r|||| 00| 0 | ||
| 007 | ta | ||
| 008 | Pun | ||
| 024 | _a231,384 | ||
| 037 | _cTextual | ||
| 040 |
_aARTS _cARTS _bPun |
||
| 041 |
_2Pun _aPun |
||
| 082 | _aO121,1C93:g, 153N0 | ||
| 100 | _aਸੁਖਵਿੰਦਰ ਕੌਰ, ੳਗ. | ||
| 245 | 0 | _aਹੋਰੇਸ ਦਾ ਕਾਵਿ ਸਿਧਾਂਤ | |
| 260 |
_aਅੰਮ੍ਰਿਤਸਰ _b ਰਵੀ ਸਾਹਿਤ ਪ੍ਰਕਾFਨ _c1990 |
||
| 300 |
_a94ਪੰ _ccm. |
||
| 650 |
_aਇਟੈਲੀਅਨ ਸਾਹਿਤ _9156350 |
||
| 942 |
_hO121,1C93:g, 153N0 _cTEXL _2CC |
||
| 999 |
_c370768 _d370768 |
||